| 000 | 00554cam3a220019300 4500 | ||
|---|---|---|---|
| 001 | tmp15407739 | ||
| 003 | UPRA | ||
| 005 | 20190815085830.0 | ||
| 008 | 950808s1971 le eng u | ||
| 035 | _a(Sirsi) r31635 | ||
| 035 | _a(UPRA)tmp15407739 | ||
| 040 | _cUPRA | ||
| 100 | 1 |
_aFayed, Yousseff A. _6A95805.1 |
|
| 245 | 1 | 0 | _aSome aspects of the climate of Jordan. |
| 260 |
_aBeirut : _bArab University, _c1971. |
||
| 651 | 0 |
_aJordan -- Climate. _xJordan -- Climate. _6S69122.1 |
|
| 949 |
_aGB289 _wlcc _i-36140 _mMAIN _tBOOK _lON-SHELF |
||
| 004 | 31635 | ||
| 999 |
_c57117 _d57117 |
||